000 00779nam a2200205 a 4500
003 0
005 20250207145709.0
008 130829s19uu xx 00 eng d
050 _aPGS BF 723.S75
_b.Sy981 2013
100 _aSybingco, Matthew Ezekiel D.
245 _aAcademic achievement and stress management /
_cMatthew Ezekiel D. Sybingco.
260 _aLas PiƱas City, Philippines :
_bSouthville International School and Colleges,
_c2013.
300 _a36 pages :
_billustrations ;
_c28 cm.
504 _aIncludes bibliographical references.
650 _aAcademic achievement
_vPsychological aspects.
650 _aStress (Psychology) in children.
650 _aStress management in children.
650 _aStress (Psychology)
_vEffect on learning.
942 _2lcc
_cPASS
999 _c99001
_d99001